Sustainability assessment of built environment (Record no. 122177)

MARC details
000 -LEADER
fixed length control field 04559nam a22007218i 4500
001 - CONTROL NUMBER
control field BDZ0056218076
003 - CONTROL NUMBER IDENTIFIER
control field StDuBDS
005 - DATE AND TIME OF LATEST TRANSACTION
control field 20250625100907.0
006 - FIXED-LENGTH DATA ELEMENTS--ADDITIONAL MATERIAL CHARACTERISTICS
fixed length control field m|||||o||d||||||||
007 - PHYSICAL DESCRIPTION FIXED FIELD--GENERAL INFORMATION
fixed length control field cr |||||||||||
008 - FIXED-LENGTH DATA ELEMENTS--GENERAL INFORMATION
fixed length control field 241213s2025 ii a fo 000|0 eng|d
020 ## - INTERNATIONAL STANDARD BOOK NUMBER
International Standard Book Number 9781040315255 (PDF ebook) :
Terms of availability 39.99
040 ## - CATALOGING SOURCE
Original cataloging agency StDuBDS
Language of cataloging eng
Description conventions rda
-- pn
Transcribing agency StDuBDS
Modifying agency StDuBDSZ
050 #4 - LIBRARY OF CONGRESS CALL NUMBER
Classification number HC79.E5
Item number A4 2025
072 #7 - SUBJECT CATEGORY CODE
Subject category code IND
Source ukslc
072 #7 - SUBJECT CATEGORY CODE
Subject category code KN
Source bicssc
072 #7 - SUBJECT CATEGORY CODE
Subject category code RNF
Source bicssc
072 #7 - SUBJECT CATEGORY CODE
Subject category code AMCR
Source bicssc
072 #7 - SUBJECT CATEGORY CODE
Subject category code AMVD
Source bicssc
072 #7 - SUBJECT CATEGORY CODE
Subject category code GTB
Source bicssc
072 #7 - SUBJECT CATEGORY CODE
Subject category code KJMP
Source bicssc
072 #7 - SUBJECT CATEGORY CODE
Subject category code KJMV5
Source bicssc
072 #7 - SUBJECT CATEGORY CODE
Subject category code RNU
Source bicssc
072 #7 - SUBJECT CATEGORY CODE
Subject category code RPC
Source bicssc
072 #7 - SUBJECT CATEGORY CODE
Subject category code TBC
Source bicssc
072 #7 - SUBJECT CATEGORY CODE
Subject category code TNK
Source bicssc
072 #7 - SUBJECT CATEGORY CODE
Subject category code KN
Source thema
072 #7 - SUBJECT CATEGORY CODE
Subject category code RNF
Source thema
072 #7 - SUBJECT CATEGORY CODE
Subject category code AMCR
Source thema
072 #7 - SUBJECT CATEGORY CODE
Subject category code AMVD
Source thema
072 #7 - SUBJECT CATEGORY CODE
Subject category code GTM
Source thema
072 #7 - SUBJECT CATEGORY CODE
Subject category code KJMP
Source thema
072 #7 - SUBJECT CATEGORY CODE
Subject category code KJMV5
Source thema
072 #7 - SUBJECT CATEGORY CODE
Subject category code RNU
Source thema
072 #7 - SUBJECT CATEGORY CODE
Subject category code RPC
Source thema
072 #7 - SUBJECT CATEGORY CODE
Subject category code TBC
Source thema
072 #7 - SUBJECT CATEGORY CODE
Subject category code TNK
Source thema
072 #7 - SUBJECT CATEGORY CODE
Subject category code AM
Source thema
072 #7 - SUBJECT CATEGORY CODE
Subject category code AMC
Source thema
072 #7 - SUBJECT CATEGORY CODE
Subject category code AMD
Source thema
072 #7 - SUBJECT CATEGORY CODE
Subject category code JNU
Source thema
082 04 - DEWEY DECIMAL CLASSIFICATION NUMBER
Classification number 338.927
Edition number 23
100 1# - MAIN ENTRY--PERSONAL NAME
Personal name Alapure, Gopal,
Relator term author.
245 10 - TITLE STATEMENT
Title Sustainability assessment of built environment
Remainder of title a holistic approach for urban development /
Statement of responsibility, etc. Gopal Alapure, Abraham George.
Medium [electronic resource] :
263 ## - PROJECTED PUBLICATION DATE
Projected publication date 202502
264 #1 - PRODUCTION, PUBLICATION, DISTRIBUTION, MANUFACTURE, AND COPYRIGHT NOTICE
Place of production, publication, distribution, manufacture New Delhi :
Name of producer, publisher, distributor, manufacturer Routledge India,
Date of production, publication, distribution, manufacture, or copyright notice 2025.
300 ## - PHYSICAL DESCRIPTION
Extent 1 online resource (246 pages) :
Other physical details illustrations (black and white)
336 ## - CONTENT TYPE
Content type term text
Source rdacontent
336 ## - CONTENT TYPE
Content type term still image
Source rdacontent
337 ## - MEDIA TYPE
Media type term computer
Source rdamedia
338 ## - CARRIER TYPE
Carrier type term online resource
Source rdacarrier
366 ## - TRADE AVAILABILITY INFORMATION
Detailed date of publication 20250218
Availability status code Available
505 0# - FORMATTED CONTENTS NOTE
Formatted contents note List of figures viii List of tables x About the Authors xii Foreword xiv Acknowledgments xvii List of abbreviations xviii 1 Sustainability Assessment Model for Built Environment 1 2 Green and Sustainable Built Environment 12 3 Green and Sustainability Assessment Systems 25 4 Identification and Categorization of Sustainability Assessment Parameters 60 5 Weights and Priorities of Sustainability Assessment Parameters 85 6 Development of Sustainability Assessment Model 97 7 Validation of the Sustainability Assessment Model 111 Bibliography 151 Appendix A: Reconnaissance Survey Questionnaire: I 167 Appendix B: Conventional Delphi - Survey Questionnaire: II 173 Appendix C: AHP - Survey Questionnaire: III 190 Appendix D: Fuzzy Logic Scoring Performance - Survey Questionnaire: IV 212 Appendix E 264 Index 351?
520 8# - SUMMARY, ETC.
Summary, etc. This work focuses on developing a holistic sustainability assessment-built environment model that can help in identifying sustainability issues and parameters for the built environment. It covers a wide range of sustainable built-form issues in the local and regional contexts.
Expansion of summary note This book focuses on developing a holistic sustainability assessment model for built environment that can help in identifying sustainability issues and parameters for the built environment. It covers a wide range of sustainable built form issues in the local and regional contexts.The volume identifies significant built form sustainability indicators, criteria and sub-criterion while highlighting the importance of incorporating sustainability principles and assessment of sustainability. It also discusses the data collection process for defining priorities of sustainability parameters using the Analytic Hierarchy Process (AHP) technique. The book presents information to obtain fuzzy weights to classify assessed built form. The chapters in this book explain the development of an integrated built environment assessment system for infrastructure projects.This book will be of interest to students, teachers and researchers of planning, architecture, construction, urban studies, interior designing, urban planning and civil engineering. It will also be useful for architects, planners, civil engineers, interior designers, builders, developers, green building assessors and those interested in the sustainable assessment-built environment and urban development.
588 ## - SOURCE OF DESCRIPTION NOTE
Source of description note Description based on CIP data; resource not viewed.
650 #0 - SUBJECT ADDED ENTRY--TOPICAL TERM
Topical term or geographic name entry element SUSTAINABILITY
General subdivision Standards.
650 #7 - SUBJECT ADDED ENTRY--TOPICAL TERM
Topical term or geographic name entry element ARCHITECTURE
650 #7 - SUBJECT ADDED ENTRY--TOPICAL TERM
Topical term or geographic name entry element EBOOK
700 1# - ADDED ENTRY--PERSONAL NAME
Personal name George, Abraham,
Dates associated with a name 1963-
Relator term author.
776 08 - ADDITIONAL PHYSICAL FORM ENTRY
Relationship information Print version :
International Standard Book Number 9780367644130
856 40 - ELECTRONIC LOCATION AND ACCESS
Uniform Resource Identifier <a href="https://www.vlebooks.com/product/openreader?id=RICS&accId=9491556&isbn=9781040315255">https://www.vlebooks.com/product/openreader?id=RICS&accId=9491556&isbn=9781040315255</a>
Public note Available on VLeBooks (email [email protected] if you do not have a login)
942 ## - ADDED ENTRY ELEMENTS (KOHA)
Source of classification or shelving scheme Dewey Decimal Classification

No items available.